| 000 | 01071nam a2200313Ia 4500 | ||
|---|---|---|---|
| 003 | OSt | ||
| 005 | 20221006160555.0 | ||
| 006 | a|||||r|||| 00| 0 | ||
| 007 | ta | ||
| 008 | 221006b |||||||| |||| 00| 0 eng d | ||
| 020 |
_a9780231157513 _c _40.00 |
||
| 024 | _a45,530 | ||
| 037 |
_b43649, 20/03/2015, Segment Book Distributors _cTextual |
||
| 040 |
_aEASL _cEASL _beng |
||
| 041 |
_2eng _aeng |
||
| 082 | _aY741.P1, Q3 | ||
| 100 |
_aShih Shu-mei etc. Ed. _9674209 |
||
| 245 | 0 |
_aSinophone studies _b A critical reader |
|
| 260 |
_aNew York _bColumbia University Press _c2013 |
||
| 300 |
_a472p. _ccm. |
||
| 490 |
_v CEL _aGlobal Chinese culture |
||
| 650 | _a CEL | ||
| 650 |
_a Chinese - Foreign countries - Ethnic identity _9674210 |
||
| 650 |
_a Chinese - Foreign countries - Intellectual life _9674211 |
||
| 650 |
_a National characteristics - Chinese _9674212 |
||
| 650 |
_aChinese dispora _9674213 |
||
| 942 |
_hY741.P1, Q3 _cTEXL _2CC |
||
| 999 |
_c1113622 _d1113622 |
||